Statistics for Science General Knowledge - 3

Click here to take the quiz!

General Stats

  • This quiz has been taken 100 times
  • The average score is 6 of 15

Answer Stats

HintAnswer% Correct
What instrument is used to measure atmospheric pressure?Barometer
75%
There's sedimentary, igneous and what is the third type of rock?Metamorphic
74%
What was the code name given to the US nuclear bomb project?Manhattan project
58%
What disease said to effect the big toes of rich people, causes swelling of the joints?Gout
54%
What halogen has the lowest molecular mass?Fluorine
48%
What is the inverse of differentiation?Integration
45%
How many vertebrae does the average human have?33
41%
What is the name for the vessels in plants stems through which sugar flows?Phloem
40%
Who is known as the father of modern medicine?Hippocrates
27%
What is the name given to the explosion in diversity when complex multicellular organisms started to appear?Cambrian
22%
What law is the term for the laws of elasticity torsion and force when looking at recoil in a spring?Hooke's Law
21%
Who proposed the germ theory of disease hypothesis?Louis Pasteur
21%
What is Neptune's largest moon?Triton
16%
What ocean 'plant' contributes up to 85% of the Earth's oxygen?Phytoplankton
12%
Oceanus Procellarum is an ocean on the moon was does it translate to?Ocean of storms
2%

Score Distribution

Percentile by Number Answered

Percent of People with Each Score

Your Score History

You have not taken this quiz